| 000 | 01069cam a22002778a 4500 | ||
|---|---|---|---|
| 001 | 14939779 | ||
| 005 | 20070731114151.0 | ||
| 008 | 070724s2008 nyu b 001 0 eng | ||
| 010 | _a 2007030738 | ||
| 020 | _a9780415368650 (hardback : alk. paper) | ||
| 020 | _a9780415368797 (papeback : alk. paper) | ||
| 020 | _a9780203029008 (ebook) | ||
| 040 |
_aDLC _cDLC |
||
| 050 | 0 | 0 |
_aTA645 _b.Y43 2008 |
| 082 | 0 | 0 |
_a624.171 _222 _bYES |
| 100 | 1 |
_aYe, Jianqiao, _d1957- _94276 |
|
| 245 | 1 | 0 |
_aStructural and Stress Analysis : _bTheories, Tutorials and Examples / _cJianqiao Ye. |
| 260 |
_aNew York, NY : _bTaylor & Francis, _cc.2008. |
||
| 263 | _a0802 | ||
| 300 |
_a217p. : _bill. ; _c22 cm. |
||
| 500 | _aIncludes Index. | ||
| 650 | 0 |
_aStructural analysis (Engineering) _94277 |
|
| 942 |
_2ddc _cBB |
||
| 999 |
_c11430 _d11430 |
||